| 000 | 00564nam a22001577a 4500 | ||
|---|---|---|---|
| 008 | 100328t xxu||||| |||| 00| 0 eng d | ||
| 082 | 0 | 4 |
_a301.01 _bALL _222 |
| 100 |
_913189 _aAllan, Kenneth |
||
| 245 |
_aContemporary Social and Sociological Theory : _bVisualizing Social Worlds/ _cKenneth Allan |
||
| 260 |
_aThousand Oaks, Calif. : _bPine Forge Press/ Sage Pub., _c2006 |
||
| 300 |
_a454 p.: _bill.; _c24 cm. |
||
| 504 | _aIncludes bibliographical references(p.437-446) and index | ||
| 650 | 0 |
_aSociological Theory. _2BUEsh |
|
| 651 | _2BUEsh | ||
| 942 |
_2ddc _cBB |
||
| 999 |
_c13798 _d13798 |
||